MARC

LEADER 00000nam0a2200000 4500
001 134483
005 20231031135711.0
010 |a 5766300883 
020 |a RU  |b 90-24558 
035 |a (RuTPU)RU\TPU\book\145783 
090 |a 134483 
100 |a 20080331d1990 m y0rusy5003 ca 
101 0 |a rus 
102 |a RU 
105 |a a z 000ay 
200 1 |a Ураган идет с юга  |e Роман  |e в 2 кн.  |f А. А. Вахов  |g худож. Н. И. Холодок 
210 |a Хабаровск  |c Хабаровское кн. изд-во  |d 1990 
215 |a 720 с.  |c ил.  |d 21 см 
225 1 |a Байкало-Амурская библиотека "Мужество" 
610 1 |a иностранная интервенция 
610 1 |a Дальний Восток 
610 1 |a советская литература 
610 1 |a романы 
675 |a Р2  |z rus 
700 1 |a Вахов  |b А. А.  |g Анатолий Алексеевич  |4 070 
702 1 |a Холодок  |b Н. И.  |4 440 
801 0 |a RU  |b RuMRKP  |c 19950417  |g psbo 
801 1 |a RU  |b 63413507  |c 20080331  |g PSBO 
801 2 |a RU  |b 63413507  |c 20080331  |g PSBO 
942 |c BK